Musicals Based on Plays Quiz Stats

 Plays Quiz not verified by Sporcle

Score 0/34 Timer 10:00
0 Plays Today
Play Musical Based on It % Correct
play of same name by Sir J.M. Barrie about a boy who refuses to grow upPeter Pan
95.5%
play of same name by Christopher Bond about a barber who swears revenge on those who've wronged his loved onesSweeney Todd
89.4%
Pygmalion by George Bernard ShawMy Fair Lady
86.4%
Romeo and Juliet by William ShakespeareWest Side Story
78.8%
The Taming of the Shrew by William ShakespeareKiss Me, Kate
75.8%
farces by Plautus, especially Pseudolus, Miles Gloriosus, and MostellariaA Funny Thing Happened on the Way to the Forum
71.2%
French play of same name by Jean Poiret about the son of a night club owner and his gay lover who brings his fiancee's ultra conservative parents to dinnerLa Cage aux Folles
65.2%
Green Grows the Lilacs by Lynn RiggsOklahoma!
62.1%
play by Frank Wedekind about the sexually oppressive culture of GermanySpring Awakening
59.1%
The Merchant of Yonkers by Thornton WilderHello, Dolly!
47%
I Am a Camera by John Van DrutenCabaret
40.9%
play of same name by Maurine Dallas Watkins based on two unrelated 1924 cases of two women, Beulah Annan and Belva GaertnerChicago
40.9%
play of same name by Arisophanes about the god Dionysus, despairing of the state of Athens' tragedians, and allegedly recovering from the disastrous Battle of ArginusaeThe Frogs
39.4%
Cyrano de Bergerac by Edmond RostandCyrano
39.4%
A Raisin in the Sun by Lorraine HansberryRaisin
33.3%
Liliom by Ferenc MolnarCarousel
28.8%
My Sister Eileen by Joseph A. Field and Jerome ChodorovWonderful Town
27.3%
Play Musical Based on It % Correct
Purlie Victorious by Ossie DavisPurlie
25.8%
Two for the Seesaw by William GibsonSeesaw
19.7%
The Rainmaker by N. Richard Nash110 in the Shade
19.7%
play of same name by William Shakespeare about friendship and infidelity and the conflict between friendship and loveTwo Gentlemen of Verona
18.2%
Charley's Aunt by Brandon ThomasWhere's Charley?
16.7%
The Comedy of Errors by William ShakespeareThe Boys from Syracuse
15.2%
Parfumerie by Miklos LaszloShe Loves Me
13.6%
play of same name by Clifford Odets about a man who dreams of becoming a violinistGolden Boy
12.1%
Les Romanesques by Edmond RostandThe Fantasticks
12.1%
Twelfth Night by William ShakespeareAll Shook Up
9.1%
The Fourposter by Jan de HartogI Do! I Do!
9.1%
play of same name by George S. Kaufman and Moss Hart about a man who has lost the idealistic values of his youthMerrily We Roll Along
7.6%
The Time of the Cuckoo by Arthur LaurentsDo I Hear a Waltz?
6.1%
Breath of Spring by Peter Coke70 Girls 70
3%
They Knew What They Wanted by Sidney Howard) new girl in town (Anna Christie by Eugene O'NeillThe Most Happy Fella
3%
La Presidente by Maurice Hanniquin and Pierre VeberOh, Kay!
0%
My Lady Friends by Emil Nyitray and Frank MandelNo, No, Nanette
0%

You're not logged in!

Compare scores with friends on all Sporcle quizzes.
OR
Log In

Show Comments

Extras

Created Nov 19, 2010ReportNominate
Tags:Musical Quiz, Play Quiz

Top Quizzes Today


Score Distribution

Your Account Isn't Verified!

In order to create a playlist on Sporcle, you need to verify the email address you used during registration. Go to your Sporcle Settings to finish the process.

Report this User

Report this user for behavior that violates our Community Guidelines.

Details: